000 00509 a2200109 4500
020 _a0070654336 :
082 _a624.17 TUM
100 _aTuma, Jan J.
245 _aHandbook of structural and mechanical matrices :
_bdefinitions, transport matrices, stiffness matrices, finite differences, finite elements, graphs and tables of matrix coefficients /
_cJan J. Tuma.
260 _aNew York :
_bMcGraw-Hill,
_cc1988.
300 _ax, 556 p. :
_bill. ;
_c25 cm.
650 _aStructural analysis (Engineering)
_xMatrix methods
_xHandbooks, manuals, etc.
999 _c1216
_d1216